[Event "Guernsey Holiday"]
[Site "Guernsey"]
[Date "2010.10.19"]
[Round "3"]
[White "Ruigrok, Jacques"]
[Black "Nalichowski, Bogdan"]
[Result "1-0"]
[WhiteElo "1752"]
[BlackElo "1602"]
[PlyCount "63"]
[EventDate "2010.10.17"]
[EventType "swiss"]
[EventRounds "7"]
[SourceDate "2010.11.07"]

1. e4 e5 2. Nf3 Nc6 3. d4 exd4 4. c3 d5 5. exd5 Qxd5 6. cxd4 Bg4 7. Be2 O-O-O
8. Nc3 Bb4 9. O-O Qh5 10. Bf4 a6 11. h3 Be6 12. Ne5 Qf5 13. Nxc6 bxc6 14. Bxa6+
Kd7 15. Bg3 Nf6 16. d5 Ke7 17. Qb3 Bxc3 18. dxe6 Ba5 19. exf7 Rb8 20. Qe3+ Kxf7
21. Bc4+ Nd5 22. Qc5 Bb6 23. Qxc6 Rhd8 24. Rad1 Kf8 25. Rxd5 Qg6 26. Qxg6 hxg6
27. Rfd1 Re8 28. Rd7 Re4 29. Rf7+ Kg8 30. Rf4+ Kh7 31. Rxe4 Rf8 32. Rh4# 1-0

[Event "Guernsey Holiday"]
[Site "Guernsey"]
[Date "2010.10.19"]
[Round "3"]
[White "Haisma, Henk"]
[Black "Kirk, Matthew"]
[Result "1/2-1/2"]
[WhiteElo "1690"]
[BlackElo "1591"]
[PlyCount "94"]
[EventDate "2010.10.17"]
[EventType "swiss"]
[EventRounds "7"]
[SourceDate "2010.11.07"]

1. b4 Nf6 2. e3 d5 3. Bb2 Bf5 4. a3 Nbd7 5. d3 e6 6. Nf3 c5 7. bxc5 Bxc5 8.
Nbd2 O-O 9. Be2 Rc8 10. Nh4 Bg6 11. Nxg6 hxg6 12. O-O Bd6 13. c4 b6 14. cxd5
Nxd5 15. d4 f5 16. Qb3 Kf7 17. Ba6 Rh8 18. f4 Rc6 19. Bb7 Rc7 20. Bxd5 exd5 21.
Qxd5+ Ke7 22. Nc4 Nf6 23. Qxd6+ Qxd6 24. Nxd6 Kxd6 25. h3 Rhc8 26. Rac1 Rxc1
27. Rxc1 Rxc1+ 28. Bxc1 Kd5 29. Kf2 b5 30. Ke2 Ne4 31. h4 Kc4 32. Bd2 Kb3 33.
Bb4 a5 34. Bf8 b4 35. axb4 axb4 36. Kd3 Nf2+ 37. Kd2 Kc4 38. d5 Ne4+ 39. Kc2
b3+ 40. Kb2 Kxd5 41. Kxb3 Ng3 42. Kc3 Ke4 43. Kd2 Nf1+ 44. Ke2 Nxe3 45. g3 Ng4
46. Bxg7 Ne3 47. Bf8 Ng4 1/2-1/2

[Event "Guernsey Holiday"]
[Site "Guernsey"]
[Date "2010.10.19"]
[Round "3"]
[White "Kearsley, Raymond J"]
[Black "Foster, Paul"]
[Result "1-0"]
[WhiteElo "1688"]
[BlackElo "1568"]
[PlyCount "113"]
[EventDate "2010.10.17"]
[EventType "swiss"]
[EventRounds "7"]
[SourceDate "2010.11.07"]

1. e4 d5 2. d4 dxe4 3. Nc3 Nf6 4. f3 exf3 5. Nxf3 Bg4 6. Bc4 Bxf3 7. Qxf3 c6 8.
Be3 e6 9. O-O-O Bb4 10. Bg5 Bxc3 11. bxc3 Nbd7 12. Rhe1 Qa5 13. Qg3 Qa3+ 14.
Kb1 Nd5 15. Bb3 O-O 16. Rd3 Qa5 17. Bh6 g6 18. Bxf8 Rxf8 19. h4 N7f6 20. Qf3
Nh5 21. Re5 Qc7 22. Bxd5 cxd5 23. g4 Qb6+ 24. Ka1 f6 25. Re1 Ng7 26. h5 g5 27.
h6 Ne8 28. Rde3 Nc7 29. Qe2 Kf7 30. Qd3 Kg8 31. c4 Re8 32. c5 Qc6 33. Rf3 Rf8
34. Ref1 Ne8 35. R1f2 Qd7 36. Qb3 Rf7 37. c4 dxc4 38. Qxc4 Qd5 39. Qxd5 exd5
40. Rf5 Rd7 41. R5f3 Kf7 42. Rb3 b6 43. c6 Rd6 44. Rc3 Nc7 45. Re2 Re6 46. Rxe6
Kxe6 47. Kb2 f5 48. gxf5+ Kxf5 49. Rf3+ Ke6 50. Kc3 a5 51. Kd3 a4 52. Rf8 Kd6
53. Rf7 Kxc6 54. Rxh7 Ne6 55. Rg7 Nf8 56. Rf7 Ng6 57. Rf6+ 1-0

[Event "Guernsey Holiday"]
[Site "Guernsey"]
[Date "2010.10.19"]
[Round "3"]
[White "Kok, Franciscus"]
[Black "Jones, Sid A"]
[Result "1/2-1/2"]
[WhiteElo "1666"]
[BlackElo "1416"]
[PlyCount "38"]
[EventDate "2010.10.17"]
[EventType "swiss"]
[EventRounds "7"]
[SourceDate "2010.11.07"]

1. d4 d5 2. e3 Nf6 3. c4 e6 4. a3 c5 5. dxc5 Bxc5 6. b4 Be7 7. Bb2 O-O 8. Nd2
Nbd7 9. Ngf3 b6 10. Be2 Bb7 11. O-O Rc8 12. Rc1 Bd6 13. cxd5 Nxd5 14. Nc4 Bb8
15. Qd4 Qf6 16. Qd2 Qe7 17. Qd4 Qf6 18. Qd2 Qe7 19. Qd4 Qf6 1/2-1/2

[Event "Guernsey Holiday"]
[Site "Guernsey"]
[Date "2010.10.19"]
[Round "3"]
[White "Harnden, Terry"]
[Black "Beadle, John"]
[Result "1/2-1/2"]
[WhiteElo "1411"]
[BlackElo "1648"]
[PlyCount "52"]
[EventDate "2010.10.17"]
[EventType "swiss"]
[EventRounds "7"]
[SourceDate "2010.11.07"]

1. e4 c6 2. d4 d5 3. e5 Bf5 4. Nf3 e6 5. Be2 Bb4+ 6. c3 Ba5 7. O-O Ne7 8. b4
Bc7 9. Nbd2 O-O 10. Nb3 b6 11. Be3 Nd7 12. Qd2 f6 13. Bf4 Ng6 14. Qe3 Be4 15.
Nbd2 Nxf4 16. Qxf4 fxe5 17. Qg4 Bf5 18. Qg5 Rf6 19. Nh4 h6 20. Qe3 e4 21. f4
Nf8 22. Nxf5 exf5 23. Rf2 Qd6 24. Raf1 Ne6 25. g3 a5 26. b5 c5 1/2-1/2

[Event "Guernsey Holiday"]
[Site "Guernsey"]
[Date "2010.10.19"]
[Round "3"]
[White "Jongerius, Marc"]
[Black "Rowe, Oliver"]
[Result "1-0"]
[WhiteElo "1625"]
[BlackElo "1506"]
[PlyCount "81"]
[EventDate "2010.10.17"]
[EventType "swiss"]
[EventRounds "7"]
[SourceDate "2010.11.07"]

1. e4 d5 2. exd5 Qxd5 3. Nf3 Nf6 4. Nc3 Qd6 5. Bc4 a6 6. Qe2 b5 7. Ne4 Nxe4 8.
Qxe4 Nc6 9. Bxf7+ Kxf7 10. Qxc6 Qxc6 11. Ne5+ Ke6 12. Nxc6 Kd6 13. Nd4 e5 14.
Ne2 Bf5 15. d3 c5 16. Ng3 Bg6 17. f4 Re8 18. f5 Bf7 19. Ne4+ Kc6 20. O-O h6 21.
Be3 Bd6 22. b3 Rhf8 23. f6 g5 24. c4 Bg6 25. cxb5+ axb5 26. Rac1 Bxe4 27. dxe4
b4 28. f7 Re7 29. Rf6 Kd7 30. Bxc5 Re6 31. Bxd6 Rxd6 32. Rxd6+ Kxd6 33. Rc4
Rxf7 34. Rxb4 Kc6 35. a4 Rf6 36. Rb5 Rf4 37. Rxe5 Kd6 38. Re8 Kc5 39. e5 Re4
40. e6 Kb4 41. e7 1-0

[Event "Guernsey Holiday"]
[Site "Guernsey"]
[Date "2010.10.19"]
[Round "3"]
[White "Van Hoek, Wim"]
[Black "Kaye, Michael J"]
[Result "1-0"]
[WhiteElo "1783"]
[BlackElo "1456"]
[PlyCount "71"]
[EventDate "2010.10.17"]
[EventType "swiss"]
[EventRounds "7"]
[SourceDate "2010.11.07"]

1. e4 c5 2. Nf3 Nf6 3. e5 Nd5 4. Nc3 Nxc3 5. dxc3 g6 6. Bc4 Bg7 7. Qd5 O-O 8.
Qxc5 d6 9. exd6 Qxd6 10. Qxd6 exd6 11. Be3 Be6 12. Be2 Nc6 13. O-O Rac8 14.
Rfd1 Rfd8 15. Nd4 Nxd4 16. Bxd4 Bxd4 17. Rxd4 d5 18. Rad1 Rc6 19. c4 Rcd6 20.
Bf3 b6 21. Bxd5 Bxd5 22. Rxd5 Rxd5 23. cxd5 b5 24. f4 Rd6 25. Kf2 Kf8 26. Ke3
Ke7 27. Kd4 Ra6 28. a3 Kd6 29. Rd3 h5 30. Rb3 Ra5 31. Rc3 Kd7 32. b4 Ra4 33.
Kc5 a6 34. Rd3 Kc7 35. c4 bxc4 36. Kxc4 1-0

[Event "Guernsey Holiday"]
[Site "Guernsey"]
[Date "2010.10.19"]
[Round "3"]
[White "De Silver, Arthur F"]
[Black "Bennett, David"]
[Result "1-0"]
[WhiteElo "1592"]
[BlackElo "1352"]
[PlyCount "117"]
[EventDate "2010.10.17"]
[EventType "swiss"]
[EventRounds "7"]
[SourceDate "2010.11.07"]

1. e4 e6 2. d3 Bc5 3. Nf3 Nf6 4. h3 O-O 5. Nbd2 c6 6. g3 b5 7. Bg2 Bb7 8. O-O
d6 9. d4 Bb6 10. Re1 Nbd7 11. Nf1 c5 12. e5 dxe5 13. dxe5 Nd5 14. Ne3 Rc8 15.
Nxd5 Bxd5 16. b3 c4 17. b4 a5 18. a3 c3 19. Qd3 Rc4 20. Ng5 g6 21. Bxd5 exd5
22. Qxd5 Qc7 23. Bf4 Qa7 24. Be3 h6 25. Ne4 Bxe3 26. Rxe3 axb4 27. Qxb5 Rc5 28.
Nxc5 Nxc5 29. Qxb4 Ne6 30. Qxc3 Rd8 31. Rd3 Rb8 32. Qd2 Kg7 33. Qe3 Qc7 34. Rc3
Qa5 35. Qf3 Qxe5 36. Qe3 Qa5 37. Re1 Qd5 38. Qe5+ Qxe5 39. Rxe5 Rb1+ 40. Kg2
Rb6 41. a4 Kf6 42. f4 g5 43. Rb5 Ra6 44. fxg5+ hxg5 45. a5 Ra8 46. Ra3 Nd4 47.
Rb6+ Kg7 48. c4 Nc2 49. Ra4 Ne3+ 50. Kf3 Nc2 51. a6 Nd4+ 52. Kg4 Ne6 53. Rxe6
fxe6 54. Kxg5 Ra7 55. c5 e5 56. Kf5 Rf7+ 57. Kxe5 Re7+ 58. Kd6 Ra7 59. c6 1-0

[Event "Guernsey Holiday"]
[Site "Guernsey"]
[Date "2010.10.19"]
[Round "3"]
[White "Newrick, William R"]
[Black "Goman, Colin R"]
[Result "0-1"]
[WhiteElo "1384"]
[BlackElo "1518"]
[PlyCount "68"]
[EventDate "2010.10.17"]
[EventType "swiss"]
[EventRounds "7"]
[SourceDate "2010.11.07"]

1. d4 Nf6 2. Nf3 d6 3. c4 g6 4. Nc3 Bg7 5. e3 O-O 6. Be2 c5 7. O-O a6 8. d5 b6
9. e4 e6 10. Bg5 e5 11. h3 Qc7 12. Qd2 Bd7 13. Bh6 b5 14. Bxg7 Kxg7 15. Qc2 b4
16. Nd1 a5 17. Ne3 a4 18. b3 Ra5 19. Nd2 Qa7 20. Bf3 axb3 21. Nxb3 Ba4 22. Ng4
Bxb3 23. Qxb3 Nbd7 24. Qe3 Nxg4 25. hxg4 Rxa2 26. Qc1 Ra8 27. Rb1 Nb6 28. g5
Qa3 29. Qxa3 R2xa3 30. Rfc1 Na4 31. Ra1 Nc3 32. Rxa3 bxa3 33. Kh2 a2 34. Ra1
Rb8 0-1

[Event "Guernsey Holiday"]
[Site "Guernsey"]
[Date "2010.10.19"]
[Round "3"]
[White "Curry, William"]
[Black "Cox, Reginald E"]
[Result "1-0"]
[WhiteElo "1480"]
[BlackElo "1304"]
[PlyCount "93"]
[EventDate "2010.10.17"]
[EventType "swiss"]
[EventRounds "7"]
[SourceDate "2010.11.07"]

1. d4 Nf6 2. c4 e6 3. e3 Bb4+ 4. Bd2 Bxd2+ 5. Nxd2 d5 6. Ngf3 O-O 7. Bd3 Nc6 8.
a3 Re8 9. O-O e5 10. dxe5 Nxe5 11. Nxe5 Rxe5 12. Nf3 Bg4 13. Be2 Bxf3 14. Bxf3
Rb8 15. Qd4 Qe8 16. Rfe1 dxc4 17. Qxc4 c6 18. Rad1 Rd8 19. Qb3 Rb5 20. Qc2 Re5
21. h3 g6 22. a4 Nd5 23. Qb3 Qe7 24. Kf1 Qc7 25. e4 Nf4 26. Rxd8+ Qxd8 27. Qxb7
Qd3+ 28. Kg1 Nxh3+ 29. Kh2 Nxf2 30. Qb8+ Kg7 31. Qxe5+ f6 32. Qe7+ Kh6 33. Kg3
Qd2 34. Qf8+ Kg5 35. Re2 Nh1+ 36. Kh2 Qc1 37. e5 Qf4+ 38. Kxh1 Qc1+ 39. Kh2
Qf4+ 40. Kg1 Qd4+ 41. Kh2 fxe5 42. Qe7+ Kh6 43. Qxe5 Qh4+ 44. Kg1 Qxa4 45. Qh2+
Kg7 46. Re7+ Kf8 47. Qd6 1-0

[Event "Guernsey Holiday"]
[Site "Guernsey"]
[Date "2010.10.19"]
[Round "3"]
[White "Welch, Hazel"]
[Black "Le Maitre, Richard"]
[Result "0-1"]
[WhiteElo "1520"]
[BlackElo "1440"]
[PlyCount "138"]
[EventDate "2010.10.17"]
[EventType "swiss"]
[EventRounds "7"]
[SourceDate "2010.11.07"]

1. d4 Nf6 2. Nf3 g6 3. c4 Bg7 4. g3 d6 5. Bg2 O-O 6. O-O Na6 7. Nc3 c6 8. Bg5
Bd7 9. Rc1 Nc7 10. b4 a6 11. Qb3 Rb8 12. Bxf6 Bxf6 13. e3 Be6 14. a4 b5 15. Nd2
bxc4 16. Qb2 d5 17. Rfe1 a5 18. b5 cxb5 19. Nxb5 Qd7 20. Rb1 Nxb5 21. axb5 Rb6
22. e4 Rfb8 23. exd5 Bxd5 24. Ne4 Bxe4 25. Bxe4 Rxb5 26. Qc3 Rxb1 27. Bxb1 Qb5
28. Ba2 Qb4 29. Qxc4 Qxc4 30. Bxc4 Rb4 31. Be2 Bxd4 32. Kf1 a4 33. Rc1 a3 34.
Rc2 Bb2 35. Bc4 Ra4 36. Ba2 Rb4 37. Rc4 Rb6 38. Rf4 e6 39. Rc4 Rd6 40. Ke2 Kg7
41. g4 h6 42. f3 g5 43. h3 Kf6 44. Rc8 Ke5 45. Rc4 f5 46. Rc8 Kf4 47. Rc4+ Rd4
48. Rc6 e5 49. Rf6 Kg3 50. gxf5 Bc1 51. Rc6 Rd2+ 52. Ke1 Rxa2 53. Rxc1 Rf2 54.
Rc5 a2 55. Ra5 Rxf3 56. Rxa2 Rxf5 57. h4 gxh4 58. Ra8 h3 59. Ra1 Rf2 60. Ra6
Ra2 61. Rxa2 h2 62. Ra3+ Kg2 63. Ra2+ Kg1 64. Ra1 h1=Q 65. Ke2+ Kg2 66. Rxh1
Kxh1 67. Ke3 h5 68. Ke4 h4 69. Kxe5 Kg2 0-1

[Event "Guernsey Holiday"]
[Site "Guernsey"]
[Date "2010.10.19"]
[Round "3"]
[White "Brown, Jim"]
[Black "Ryan, Robert"]
[Result "1/2-1/2"]
[WhiteElo "1312"]
[BlackElo "1512"]
[PlyCount "27"]
[EventDate "2010.10.17"]
[EventType "swiss"]
[EventRounds "7"]
[SourceDate "2010.11.07"]

1. Nf3 Nf6 2. d4 d5 3. e3 g6 4. Nbd2 Bg7 5. b3 O-O 6. Bb2 b6 7. Be2 Bb7 8. O-O
Nbd7 9. h3 Rc8 10. Rc1 c5 11. c3 Re8 12. Re1 a6 13. a4 Nf8 14. Ba1 1/2-1/2

[Event "Guernsey Holiday"]
[Site "Guernsey"]
[Date "2010.10.20"]
[Round "4"]
[White "Hoogakker, Peter"]
[Black "Finch, Russell"]
[Result "1-0"]
[WhiteElo "1800"]
[BlackElo "1656"]
[PlyCount "47"]
[EventDate "2010.10.17"]
[EventType "swiss"]
[EventRounds "7"]
[SourceDate "2010.11.07"]

1. e4 e5 2. Nf3 Nc6 3. Bc4 Bc5 4. c3 Nf6 5. d3 d6 6. O-O O-O 7. Nbd2 Qe7 8. Re1
Be6 9. Bb5 Bg4 10. h3 Bh5 11. Nf1 Bb6 12. Ng3 Bg6 13. Bg5 h6 14. Be3 Bxe3 15.
Rxe3 Rad8 16. Nh4 Nd7 17. Ngf5 Qe8 18. Rg3 Kh7 19. Bxc6 bxc6 20. Qd2 Nf6 21.
Nxg7 Kxg7 22. Nf5+ Kh8 23. Qxh6+ Bh7 24. Qg7# 1-0

[Event "Guernsey Holiday"]
[Site "Guernsey"]
[Date "2010.10.20"]
[Round "4"]
[White "Baart, Edwin"]
[Black "Timmerman, Peter"]
[Result "1/2-1/2"]
[WhiteElo "1689"]
[BlackElo "1606"]
[PlyCount "50"]
[EventDate "2010.10.17"]
[EventType "swiss"]
[EventRounds "7"]
[SourceDate "2010.11.07"]

1. d4 Nf6 2. Nf3 c5 3. e3 e6 4. g3 d5 5. Bg2 Bd6 6. dxc5 Bxc5 7. O-O O-O 8. c4
Nc6 9. cxd5 Nxd5 10. Qc2 Be7 11. a3 Qb6 12. Nc3 Nxc3 13. Qxc3 Bf6 14. Qc2 Bd7
15. Rb1 Rac8 16. b4 Ne7 17. Qb3 Rc3 18. Qa2 Rfc8 19. Bd2 Rc2 20. Qb3 Bb5 21.
Rfc1 Rxc1+ 22. Rxc1 Rxc1+ 23. Bxc1 Qc7 24. Bb2 Bxb2 25. Qxb2 Bc6 1/2-1/2

[Event "Guernsey Holiday"]
[Site "Guernsey"]
[Date "2010.10.20"]
[Round "4"]
[White "Onwezen, Eric"]
[Black "Vonhoff, Joerg"]
[Result "1/2-1/2"]
[WhiteElo "1673"]
[BlackElo "1613"]
[PlyCount "73"]
[EventDate "2010.10.17"]
[EventType "swiss"]
[EventRounds "7"]
[SourceDate "2010.11.07"]

1. e4 c5 2. Nc3 d6 3. g3 Nc6 4. Bg2 Nf6 5. d3 e6 6. Nge2 Be7 7. O-O O-O 8. b3
a6 9. Bb2 Qc7 10. d4 cxd4 11. Nxd4 Bd7 12. Nce2 Rac8 13. c4 Rcd8 14. Rc1 Qa5
15. a3 Qh5 16. f3 Ne5 17. Rc3 Ng6 18. b4 e5 19. Nc2 b5 20. Bc1 Be6 21. Ne3 bxc4
22. g4 Qh4 23. Nf5 Bxf5 24. exf5 Nh8 25. g5 Nh5 26. Be3 Nf4 27. f6 gxf6 28.
Bxf4 exf4 29. gxf6 Bxf6 30. Rxc4 Be5 31. Qd5 Ng6 32. Kh1 Ne7 33. Qd3 Kh8 34.
Rc7 Ra8 35. Qe4 Rab8 36. Rg1 Rg8 37. Nc1 1/2-1/2

[Event "Guernsey Holiday"]
[Site "Guernsey"]
[Date "2010.10.20"]
[Round "4"]
[White "Sandijck, Pieter"]
[Black "Herschmann, Heinz"]
[Result "1-0"]
[WhiteElo "1698"]
[BlackElo "1480"]
[PlyCount "43"]
[EventDate "2010.10.17"]
[EventType "swiss"]
[EventRounds "7"]
[SourceDate "2010.11.07"]

1. d4 d5 2. c4 e6 3. Nf3 Be7 4. Nc3 dxc4 5. e3 Nf6 6. Bxc4 Nc6 7. O-O O-O 8. a3
a6 9. Ba2 Nd5 10. e4 Nxc3 11. bxc3 Na7 12. Bb1 c6 13. Qd3 g6 14. Bh6 Re8 15.
Ne5 Bf6 16. Ng4 Bg7 17. e5 f5 18. exf6 Bxf6 19. f4 Qe7 20. Ba2 Kh8 21. Rae1 Bd7
22. f5 1-0

[Event "Guernsey Holiday"]
[Site "Guernsey"]
[Date "2010.10.20"]
[Round "4"]
[White "Brooker, Chris H"]
[Black "Kearsley, Raymond J"]
[Result "0-1"]
[WhiteElo "1776"]
[BlackElo "1688"]
[PlyCount "82"]
[EventDate "2010.10.17"]
[EventType "swiss"]
[EventRounds "7"]
[SourceDate "2010.11.07"]

1. f4 Nf6 2. e3 g6 3. Nf3 Bg7 4. Be2 O-O 5. O-O d6 6. d3 Nbd7 7. e4 c6 8. Nh4
e5 9. f5 Nxe4 10. dxe4 Qxh4 11. Nd2 gxf5 12. exf5 Qd4+ 13. Kh1 Nf6 14. c3 Qd5
15. Bc4 Qc5 16. b4 Qb6 17. Qe1 d5 18. Be2 e4 19. Nb3 Qc7 20. Bf4 Qe7 21. Be3 b6
22. Qg3 Kh8 23. Bd4 Rg8 24. Qg5 Qd6 25. Rf2 e3 26. Qxe3 Ne4 27. Rf3 Bxd4 28.
Qxd4+ f6 29. Raf1 Bb7 30. Rf4 Rae8 31. Bh5 Re7 32. g4 c5 33. bxc5 bxc5 34. Qe3
d4 35. cxd4 Ng3+ 36. Kg1 Rxe3 37. hxg3 Qd5 38. Kf2 Rxg3 39. dxc5 Rg2+ 40. Ke1
Qe5+ 41. Kd1 Qe2+ 0-1

[Event "Guernsey Holiday"]
[Site "Guernsey"]
[Date "2010.10.20"]
[Round "4"]
[White "Glover, John"]
[Black "Jongerius, Marc"]
[Result "1-0"]
[WhiteElo "1760"]
[BlackElo "1625"]
[PlyCount "95"]
[EventDate "2010.10.17"]
[EventType "swiss"]
[EventRounds "7"]
[SourceDate "2010.11.07"]

1. Nf3 d5 2. c4 e6 3. g3 Nf6 4. Bg2 Be7 5. O-O O-O 6. b3 c5 7. cxd5 exd5 8. Bb2
Nc6 9. d4 b6 10. Ne5 Nxd4 11. Bxd4 cxd4 12. Qxd4 Bc5 13. Qd1 Qd6 14. Nf3 Ne4
15. Nd4 Qf6 16. e3 Ba6 17. Bxe4 dxe4 18. Re1 Bb4 19. Nd2 Bc3 20. Rc1 Bxd2 21.
Qxd2 Rfd8 22. Rc7 Bc8 23. Qc2 Bh3 {(=)} 24. Qxe4 Re8 25. Qf4 Qxf4 26. gxf4 Rad8
27. Rec1 Rd6 28. R7c6 Rg6+ 29. Rxg6 hxg6 30. Rc3 Rd8 31. f3 Rd5 32. Kf2 Bf5 33.
Kg3 Kh7 34. h4 Kh6 35. b4 Kh5 36. Rc7 Rd7 37. Rc8 g5 38. fxg5 Rxd4 39. Rh8+ Kg6
40. exd4 Be6 41. a3 Kf5 42. Ra8 Bd7 43. Rxa7 Ke6 44. Ra6 Kd5 45. Rxb6 Be8 46.
Rb8 Bd7 47. Rd8 Kc6 48. Rxd7 1-0

[Event "Guernsey Holiday"]
[Site "Guernsey"]
[Date "2010.10.20"]
[Round "4"]
[White "Collins, Alan"]
[Black "Ruigrok, Jacques"]
[Result "1/2-1/2"]
[WhiteElo "1600"]
[BlackElo "1752"]
[PlyCount "26"]
[EventDate "2010.10.17"]
[EventType "swiss"]
[EventRounds "7"]
[SourceDate "2010.11.07"]

1. d4 Nf6 2. Nf3 e6 3. Bf4 d5 4. e3 Bd6 5. Bxd6 Qxd6 6. a3 Nbd7 7. Nbd2 O-O 8.
Bd3 e5 9. dxe5 Nxe5 10. h3 Nxd3+ 11. cxd3 Bf5 12. d4 Rfe8 13. O-O Ne4 1/2-1/2

[Event "Guernsey Holiday"]
[Site "Guernsey"]
[Date "2010.10.20"]
[Round "4"]
[White "Kirk, Matthew"]
[Black "Van Hoek, Wim"]
[Result "1-0"]
[WhiteElo "1591"]
[BlackElo "1783"]
[PlyCount "83"]
[EventDate "2010.10.17"]
[EventType "swiss"]
[EventRounds "7"]
[SourceDate "2010.11.07"]

1. d4 d5 2. c4 e6 3. Nc3 f5 4. Nf3 Nf6 5. Bg5 c6 6. e3 Be7 7. Bd3 O-O 8. a3 h6
9. Bxf6 Bxf6 10. h4 h5 11. Ne2 g6 12. Nf4 Qe8 13. Qc2 Kg7 14. cxd5 cxd5 15. Rc1
Nc6 16. Bb5 Bd7 17. O-O Rc8 18. Qd2 Qe7 19. Bxc6 Rxc6 20. g3 Rfc8 21. Rxc6 Rxc6
22. Rc1 Qd6 23. Rxc6 Bxc6 24. Qc3 Kf7 25. b4 Bb5 26. Qc5 Qxc5 27. bxc5 a6 28.
Ng5+ Bxg5 29. hxg5 a5 30. Kg2 Bc4 31. f3 Bb5 32. Kf2 Bc4 33. Ke1 Bb5 34. Kd2
Ba4 35. Kc3 Bd1 36. Nd3 Kg7 37. f4 Ba4 38. Nb2 Bb5 39. Nd3 Ba4 40. Nc1 Bc6 41.
Nb3 a4 42. Na5 1-0

[Event "Guernsey Holiday"]
[Site "Guernsey"]
[Date "2010.10.20"]
[Round "4"]
[White "Bakkes, Frits"]
[Black "Roberts, Malcolm A"]
[Result "0-1"]
[WhiteElo "1565"]
[BlackElo "1704"]
[PlyCount "84"]
[EventDate "2010.10.17"]
[EventType "swiss"]
[EventRounds "7"]
[SourceDate "2010.11.07"]

1. e4 e6 2. d4 d5 3. Nc3 dxe4 4. Nxe4 Nd7 5. Nf3 Ngf6 6. Bd3 Nxe4 7. Bxe4 Nf6
8. Bd3 Be7 9. O-O O-O 10. c3 b6 11. Ne5 Bb7 12. Ng4 Qd5 13. Nxf6+ Bxf6 14. Qg4
g6 15. Re1 c5 16. Bh6 Rfd8 17. Rad1 cxd4 18. cxd4 Qxa2 19. h4 Rxd4 20. Qe2 Rxh4
21. Bc1 Qd5 22. f3 Qh5 23. Kf2 Rh2 24. Rg1 Qh4+ 25. Kf1 Rh1 26. Be3 Rxg1+ 27.
Kxg1 Bd4 28. b3 Bxe3+ 29. Qxe3 Rd8 30. Rc1 Rc8 31. Ra1 Ra8 32. Ra4 Qe7 33. Qh6
Bd5 34. Rh4 Qf6 35. Qxh7+ Kf8 36. Qh6+ Ke7 37. Rf4 Rh8 38. Rxf6 Rxh6 39. Rf4
Bxb3 40. Rb4 Bd5 41. Ra4 a5 42. Ra1 Rh4 0-1

[Event "Guernsey Holiday"]
[Site "Guernsey"]
[Date "2010.10.20"]
[Round "4"]
[White "Jones, Sid A"]
[Black "Haisma, Henk"]
[Result "0-1"]
[WhiteElo "1416"]
[BlackElo "1690"]
[PlyCount "95"]
[EventDate "2010.10.17"]
[EventType "swiss"]
[EventRounds "7"]
[SourceDate "2010.11.07"]

1. d4 d5 2. c4 c6 3. Nf3 Nf6 4. Nc3 e6 5. Bg5 Be7 6. e3 Nbd7 7. Bd3 Nb6 8. cxd5
exd5 9. a3 Bg4 10. h3 Be6 11. Qc2 g6 12. O-O Nbd7 13. Ne2 Nh5 14. Bxe7 Qxe7 15.
Rfb1 f5 16. Rc1 O-O 17. Nf4 Nxf4 18. exf4 Nf6 19. Ng5 Ne4 20. Nxe6 Qxe6 21. f3
Qf6 22. fxe4 Qxd4+ 23. Kh1 fxe4 24. Be2 Rxf4 25. Rf1 Rff8 26. Rxf8+ Rxf8 27.
Rf1 Rxf1+ 28. Bxf1 Kf7 29. Qe2 Ke7 30. b4 Qa1 31. Kh2 Qxa3 32. Qe1 Kd7 33. Be2
Kc7 34. Qg3+ Qxg3+ 35. Kxg3 Kd6 36. Kf4 h6 37. h4 b6 38. Bg4 a5 39. bxa5 bxa5
40. Bd1 Kc5 41. Ba4 Kb6 42. Ke3 g5 43. hxg5 hxg5 44. g3 c5 45. g4 Kc7 46. Bb5
Kd6 47. Be8 Ke5 48. Bb5 0-1

[Event "Guernsey Holiday"]
[Site "Guernsey"]
[Date "2010.10.20"]
[Round "4"]
[White "Beadle, John"]
[Black "De Silver, Arthur F"]
[Result "1/2-1/2"]
[WhiteElo "1648"]
[BlackElo "1592"]
[PlyCount "49"]
[EventDate "2010.10.17"]
[EventType "swiss"]
[EventRounds "7"]
[SourceDate "2010.11.07"]

1. e4 c5 2. Nf3 d6 3. c3 Nf6 4. Qc2 Nc6 5. d4 cxd4 6. cxd4 Bd7 7. a3 Rc8 8. Nc3
g6 9. h3 Bg7 10. Bd3 O-O 11. O-O e5 12. Be3 exd4 13. Nxd4 Ne5 14. Rac1 Nxd3 15.
Qxd3 a6 16. Rfd1 Ne8 17. Nf3 Bc6 18. Bd4 f6 19. Bc5 Bh6 20. Rc2 Qe7 21. Bxd6
Nxd6 22. Qxd6 Qxd6 23. Rxd6 Rcd8 24. Rd4 Kf7 25. Re2 1/2-1/2

[Event "Guernsey Holiday"]
[Site "Guernsey"]
[Date "2010.10.20"]
[Round "4"]
[White "Goman, Colin R"]
[Black "Grange, David"]
[Result "1-0"]
[WhiteElo "1518"]
[BlackElo "1648"]
[PlyCount "75"]
[EventDate "2010.10.17"]
[EventType "swiss"]
[EventRounds "7"]
[SourceDate "2010.11.07"]

1. d4 d5 2. Nf3 e6 3. e3 a6 4. Bd3 c5 5. c3 Nc6 6. O-O Nf6 7. Nbd2 Bd6 8. e4
dxe4 9. Nxe4 Nxe4 10. Bxe4 Qc7 11. Re1 cxd4 12. Bxc6+ bxc6 13. Qxd4 O-O 14. Be3
c5 15. Qh4 Bb7 16. Ng5 h6 17. Ne4 Bxe4 18. Qxe4 Bxh2+ 19. Kf1 Bd6 20. Ke2 Rfe8
21. Rh1 f5 22. Qc4 f4 23. Bd2 Qf7 24. Qd3 Red8 25. Qf3 e5 26. b3 Qg6 27. Qd5+
Kh7 28. Rag1 Bc7 29. Qf3 e4 30. Qh5 Qd6 31. Qf5+ Kg8 32. Rd1 Qd3+ 33. Ke1 e3
34. Qxd3 exf2+ 35. Ke2 Rxd3 36. Kxd3 Re8 37. Rhf1 Bb6 38. c4 1-0

[Event "Guernsey Holiday"]
[Site "Guernsey"]
[Date "2010.10.20"]
[Round "4"]
[White "Vonhoff, Nils"]
[Black "Harnden, Terry"]
[Result "1/2-1/2"]
[WhiteElo "1637"]
[BlackElo "1411"]
[PlyCount "58"]
[EventDate "2010.10.17"]
[EventType "swiss"]
[EventRounds "7"]
[SourceDate "2010.11.07"]

1. e4 c5 2. Nf3 d6 3. d4 cxd4 4. Nxd4 Nf6 5. Nc3 g6 6. Bc4 Bg7 7. Be3 Ng4 8.
Qf3 Ne5 9. Bb5+ Bd7 10. Qe2 a6 11. Bd3 Nbc6 12. Nxc6 Nxc6 13. Nd1 Ne5 14. f3
Rc8 15. O-O b5 16. Rc1 Nc4 17. Bxc4 Rxc4 18. b3 Rc8 19. c3 O-O 20. Qd2 Be6 21.
Bd4 Rc6 22. Bxg7 Kxg7 23. Qd4+ Kg8 24. Ne3 Qc7 25. Rf2 f6 26. Rfc2 Rc8 27. Nd5
Bxd5 28. Qxd5+ Kg7 29. c4 b4 1/2-1/2

[Event "Guernsey Holiday"]
[Site "Guernsey"]
[Date "2010.10.20"]
[Round "4"]
[White "Nalichowski, Bogdan"]
[Black "Curry, William"]
[Result "0-1"]
[WhiteElo "1602"]
[BlackElo "1480"]
[PlyCount "58"]
[EventDate "2010.10.17"]
[EventType "swiss"]
[EventRounds "7"]
[SourceDate "2010.11.07"]

1. e4 Nc6 2. d4 e6 3. c4 d5 4. e5 b6 5. Nf3 Bb4+ 6. Nc3 Bb7 7. a3 Bxc3+ 8. bxc3
Nge7 9. Bd3 dxc4 10. Bxc4 Na5 11. Bd3 Bxf3 12. gxf3 c6 13. Rg1 Ng6 14. h4 Qxh4
15. Rb1 O-O 16. Rg4 Qh5 17. Ke2 f5 18. Rg3 f4 19. Bxg6 hxg6 20. Rg4 g5 21. Qg1
Rf5 22. Qg2 Nc4 23. a4 c5 24. Bb2 Rd8 25. Rh1 Qg6 26. Bc1 cxd4 27. Bxf4 Rxf4
28. Kd1 Qb1+ 29. Ke2 d3# 0-1